00609nam a2200193Ia 4500008004100000020001800041082001600059100001800075245003300093250000800126260004100134300002400175500001900199600002000218650002000238942000700258952013300265999001700398240925s9999 xx 000 0 und d a9781119114291 a332.024 TAY aTayson, Eric 0aPersonal Finance for Dummies a8th aNew York:bJohn Wiley & Sonsc,2016. a418p.bNAfOriginal aIncludes Index aSocial Sciences aSocial Sciences cBK 001040708SSaUITUbUITUd2018-12-18eBismillah BookDepotg796.00l0o332.024 TAYpQ12300r2024-09-25 07:16:24w2024-09-25yBK c14799d14799